Overwatch Heroes - Statistics

General Stats
  • This quiz has been taken 92 times
    10 since last reset
  • The average score is 39 of 51
Answer Stats
Answer % Correct
Ana
100%
Anran
100%
Ashe
100%
Baptiste
100%
Brigitte
100%
Cassidy
100%
Domina
100%
Doomfist
100%
D.Va
100%
Freja
100%
Hazard
100%
Jetpack Cat
100%
Juno
100%
Kiriko
100%
Lifeweaver
100%
Lúcio
100%
Moira
100%
Orisa
100%
Ramattra
100%
Reinhardt
100%
Sierra
100%
Sigma
100%
Sojourn
100%
Sombra
100%
Tracer
100%
Venture
100%
Widowmaker
100%
Winston
100%
Wrecking Ball
100%
Wuyang
100%
Zarya
100%
Zenyatta
100%
Bastion
50%
Emre
50%
Genji
50%
Hanzo
50%
Junkrat
50%
Mauga
50%
Mei
50%
Mercy
50%
Pharah
50%
Reaper
50%
Roadhog
50%
Soldier: 76
50%
Symmetra
50%
Vendetta
50%
Echo
0%
Illari
0%
Junker Queen
0%
Mizuki
0%
Torbjörn
0%
No matching quizzes found
Score Distribution
Percent of People with Each Score
Percentile by Number Answered
Your Score History
You have not taken this quiz since the last reset